|
|
|
|
| LEADER |
01287nam a2200349 a 4500 |
| 001 |
c000139395 |
| 003 |
CARM |
| 005 |
00000000000000.0 |
| 008 |
720526s1971 enka b 00100 eng b |
| 015 |
|
|
|a B72-00804
|
| 019 |
1 |
|
|a 473280
|z 27504454
|5 LACONCORD2021
|
| 020 |
|
|
|a 0713141883
|
| 035 |
|
|
|a (OCoLC)334065
|5 LACONCORD2021
|
| 040 |
|
|
|d NNCU
|
| 050 |
1 |
|
|a RF516
|b .F45 1971
|
| 060 |
|
|
|a WF 100 F312t 1971
|
| 245 |
0 |
0 |
|a Tracheostomy and artificial ventilation in the treatment of respiratory failure /
|c edited by Stanley A. Feldman and Brian E. Crawley.
|
| 250 |
|
|
|a 2nd ed.
|
| 260 |
|
|
|a London :
|b Edward Arnold,
|c 1971.
|
| 300 |
|
|
|a viii, 151 p. :
|b ill. ;
|c 24 cm.
|
| 504 |
|
|
|a Includes bibliographies.
|
| 650 |
|
0 |
|a Trachea
|x Surgery.
|
| 650 |
|
0 |
|a Artificial respiration.
|
| 650 |
|
2 |
|a Respiration, Artificial.
|
| 650 |
|
2 |
|a Respiratory insufficiency
|x Therapy.
|
| 650 |
|
2 |
|a Tracheotomy.
|
| 700 |
1 |
|
|a Feldman, Stanley A.
|q (Stanley Anthony),
|d 1930-
|
| 700 |
1 |
|
|a Crawley, Brian E.
|q (Brian Edward)
|
| 852 |
8 |
|
|b CARM
|h A2:AD30F0
|i B00051
|p 0004094
|f BK
|
| 082 |
0 |
4 |
|a 617/.533
|2 19
|
| 999 |
f |
f |
|i 3278cdc3-0940-522c-9b26-33b7bf48526e
|s f0d3bab2-4b88-5db1-8c55-69f80ab488ab
|
| 952 |
f |
f |
|p Can circulate
|a CAVAL
|b CAVAL
|c CAVAL
|d CARM 1 Store
|e B00051
|f A2:AD30F0
|h Other scheme
|i book
|m 0004094
|